Loading...
| Fine Arts - Auditory Fine Arts | 5 | 6 | 0 | 0 | 135 | 51 | 91.64 | 10 | 11 |
| Literature - British Literature | 3 | 2 | 0 | 0 | 65 | 32 | 78.40 | 4 | 5 |
| Literature - European Literature | 1 | 4 | 0 | 0 | 55 | 51 | 111.20 | 4 | 5 |
| Philosophy | 0 | 5 | 0 | 0 | 50 | 72 | 89.20 | 5 | 5 |
| Literature - American Literature | 1 | 3 | 1 | 0 | 40 | 77 | 106.25 | 3 | 4 |
| Fine Arts - Visual Fine Arts | 1 | 3 | 1 | 0 | 40 | 48 | 104.25 | 2 | 4 |
| Literature - World Literature | 0 | 2 | 0 | 0 | 20 | 121 | 124.50 | 1 | 2 |
| Other Academic | 0 | 1 | 0 | 0 | 10 | 91 | 91.00 | 1 | 1 |
| Social Science | 0 | 1 | 0 | 0 | 10 | 119 | 119.00 | 0 | 1 |
| History - American History | 0 | 0 | 1 | 0 | -5 | 0.00 | 0 | 0 |